000 01022nam a2200241Ii 4500
003 JO-AjNU
008 230605s9999||||xx |||||||||||||| ||und||
017 _a1429/4586
020 _a978-603-8034-00-2
040 _aJO-AjNU
_bara
_erda
_cJO-AjNU
041 _aara
050 1 4 _aBP461.U93 2010
100 3 _aالعويد، عبد العزيز بن محمد,
_eauthor
_943497
245 0 0 _aتعارض دلالات الألفاظ والترجيح بينها دراسة أصولية ، تطبيقية، مقارنة
250 _aط1
264 3 1 _aالرياض: مكتبة دار المناهج للنشر والتوزيع، 2010
300 _a768ص
_bالفهارس العامة ص681-719 ؛ المصادر والمراجع ص 721-758
336 _atext
_btxt
_2rdacontent
337 _aunmediated
_bn
_2rdamedia
338 _avolume
_bnc
_2rdacarrier
490 0 _aسلسلة منشورات مكتبة دار المناهج 65
650 4 _aاصول الفقه الإسلامي- المباحث اللغوية
_943498
999 _aA18704
_c22272
_d22272